Sports Quiz

Random Sports or MLB Quiz
Score 0/30 Timer 05:00
2 Plays Today
City Facts % Correct
BostonRed Sox
92.4%
BostonFenway Park
89.4%
St. LouisCardinals
88.2%
BostonDavid Ortiz (30)
87.2%
Boston2007
78%
St. LouisBusch Stadium
77.4%
BostonDustin Pedroia (193)
75%
BostonDustin Pedroia (2008)
75%
St. Louis2011
72.9%
BostonJon Lester (15)
70.2%
St. LouisAdam Wainwright (19)
68%
St. LouisMatt Carpenter (199)
67.1%
St. LouisChris Carpenter (2005)
67%
St. LouisMike Matheny
63.8%
BostonJohn Farrell
63.8%
City Facts % Correct
St. LouisAlbert Pujols (2009)
62.1%
BostonPedro Martínez (2000)
59.3%
BostonJacoby Ellsbury (52)
57.4%
St. LouisMatt Holliday ($16,272,110)
53.1%
BostonKoji Uehara (21)
49.9%
BostonKoji Uehara
49.9%
St. LouisCarlos Beltran (24)
47.9%
BostonJohn Lackey ($15,950,000)
38.8%
St. LouisMichael Wacha
37%
BostonJim Rice
33.8%
St. LouisJon Jay (10)
28.7%
BostonBen Cherington
26.1%
St. LouisEdward Mujica (37)
19.9%
St. LouisWhitey Herzog
13.7%
St. LouisJohn Mozeliak
13.2%
Remove Ads.
Support Sporcle.
Get the best of Sporcle when you Go Orange. This ad-free experience offers more features, more stats, and more fun while also helping to support Sporcle. Thank you for becoming a member.

You're not logged in!

Compare scores with friends on all Sporcle quizzes.
OR
Log In

Sporcle TV

Today on Sporcle TV


Watch our educational content, quiz creation guides, and fun videos on Sporcle TV.

Show Comments

Extras

Top Quizzes Today


Score Distribution

Paid Content

Your Account Isn't Verified!

In order to create a playlist on Sporcle, you need to verify the email address you used during registration. Go to your Sporcle Settings to finish the process.

Report this User

Report this user for behavior that violates our Community Guidelines.

Details: